Telltale The Walking Dead: Michonne Characters - Statistics

General Stats
  • This quiz has been taken 22 times
  • The average score is 9 of 15
Answer Stats
Answer % Correct
Michonne
100%
Randall
81%
Norma
75%
Oak
69%
Pete
69%
Samantha
69%
Greg
63%
John
63%
Siddiq
63%
James
56%
Alex
50%
Berto
38%
Colette
38%
Elodie
38%
Paige
38%
No matching quizzes found
Score Distribution
Percent of People with Each Score
Percentile by Number Answered
Your Score History
You have not taken this quiz